03875 am a2200325 i 45000010008000000030006000080050017000140080041000310100017000720200030000890200031001190350017001500400029001670410012001960420008002080500021002161000027002372450113002642500019003772640057003963000041004535040051004945051920005455200940024656500025034056500033034307000031034637000027034947000028035219562142CaAEU20260304104453.0200706s2021 enka b 001 0 eng  a 2020030108 a9781350099005q(hardback) a9781350099012q(paperback) aon1163953326 aDLCbengerdacDLCdAGPC aEnglish apcc00aGT511b.K56 2021 aKim, Eundeok,eauthor.10aFashion trends b: analysis and forecasting c/ Eundeok Kim, Ann Marie Fiore, Alice Payne, and Hyejeong Kim. aSecond editon. 1aLondon ;aNew York :bBloomsbury Visual Arts,c2021. a176 pages :billustrations ;c25 cm. aIncludes bibliographical references and index. aThe Basics of Fashion Trends and Forecasting — Introduction to Fashion Trend Terminology — Fashion Trends in Context — The Framework for Fashion Change — Introduction to Fashion Forecasting Terminology — Historical Overview of Fashion Forecasting — Consumers' Role in Fashion Adoption — The Innovation Adoption Process — Factors Influencing the Rate of Adoption: Attributes of the Innovation — Factors Influencing the Rate of Adoption: Consumer Adopter Categories — The Process and Methods of Fashion Trend Analysis and Forecasting — The Process of Fashion Trend Analysis and Forecasting — The Methods of Fashion Trend Analysis and Forecasting — Future of Fashion Forecasting — The Role of Fashion Industry Professionals in Trend Development and Forecasting — The Role of Fashion Industry Professionals in Creating and Supporting Trends — The Role of Developers, Gatekeepers, and Promoters — Forecasting as an Integrated Process — Consumer and Industry Accelerators of Fashion Innovations and Diffusion — The Style-Confident Consumer — Industry Technology Trends that Accelerate Product Innovation and Diffusion — Industry Technology Trends that Accelerate Consumer-Inspired Product Innovation — Digital Technology that Facilitates Opinion Leadership and Innovation Diffusion — Social Responsibility and Sustainability Related to Fashion Trends and Forecasting — Definitions of Social Responsibility and Sustainability — Increased Waste Due to Rapid Diffusion of Innovation — The Influences of Social Responsibility and Sustainability on Fashion Trends — Cost Issues Associated with Environmental Improvements and Programs to Encourage Socially Responsible Firms — Formats of Trend Forecasts and the Influences of Trend Forecasting on Business Decisions — Formats of Trend Forecasts — The Influences of Trend Forecasting on Business Decisions. aIn a fast-moving global industry, how can anyone know what the next trend will be? Fashion Trends: Analysis and Forecasting offers a clear pathway into the theory and practice of forecasting fashion, using professional case studies to demonstrate each technique and concept. This revised edition includes an updated model of the fashion trend analysis and forecasting process and expanded coverage of social media, digital influencers, sustainability and social responsibility. There are also first-hand visual materials relating to forecasts from leading firms. With the rise of individualism and concern for the sustainable world, the authors also walk you through the 'end of fashion' and what comes next, including: recycled and upcycled fashion, garment rental, subscription services, the circular economy, transparency and traceability, and the role of forecasting in encouraging sustainable lifestyles.cProvided by publisher. 0aFashionxForecasting 0aClothing trade xForecasting aFiore, Ann Marie,eauthor. aPayne, Alice,eauthor. aKim, Hyejeong,eauthor.